An introduction to parallel algorithms / (Record no. 61693)

000 -LEADER
fixed length control field 01107cam a2200289 a 4500
001 - CONTROL NUMBER
control field 4852274
003 - CONTROL NUMBER IDENTIFIER
control field NUST-PNEC
005 - DATE AND TIME OF LATEST TRANSACTION
control field 20170116180728.0
008 - FIXED-LENGTH DATA ELEMENTS--GENERAL INFORMATION
fixed length control field 910730s1992 maua b 001 0 eng
010 ## - LIBRARY OF CONGRESS CONTROL NUMBER
LC control number 91028992
020 ## - INTERNATIONAL STANDARD BOOK NUMBER
International Standard Book Number 0201548569
040 ## - CATALOGING SOURCE
Transcribing agency PNEC
050 00 - LIBRARY OF CONGRESS CALL NUMBER
Classification number QA76.58
Item number .J35 1992
082 00 - DEWEY DECIMAL CLASSIFICATION NUMBER
Classification number 004.35 JAJ
Edition number 20
100 1# - MAIN ENTRY--PERSONAL NAME
Personal name Jaja, Joseph
9 (RLIN) 952
245 13 - TITLE STATEMENT
Title An introduction to parallel algorithms /
Statement of responsibility, etc. Joseph Jaja
260 ## - PUBLICATION, DISTRIBUTION, ETC.
Place of publication, distribution, etc. Reading, Mass. :
Name of publisher, distributor, etc. Addison-Wesley Pub. Co.,
Date of publication, distribution, etc. c1992.
300 ## - PHYSICAL DESCRIPTION
Extent x, 566 p. :
Other physical details ill. ;
Dimensions 25 cm.
500 ## - GENERAL NOTE
General note Includes Index
504 ## - BIBLIOGRAPHY, ETC. NOTE
Bibliography, etc. note Includes bibliographical references and index.
650 #0 - SUBJECT ADDED ENTRY--TOPICAL TERM
Topical term or geographic name entry element Parallel algorithms.
650 #0 - SUBJECT ADDED ENTRY--TOPICAL TERM
Topical term or geographic name entry element Parallel processing (Electronic computers)
General subdivision Computer, MIS
856 ## - ELECTRONIC LOCATION AND ACCESS
Uniform Resource Identifier <a href="http://www.amazon.com/Introduction-Parallel-Algorithms-Joseph-JaJa/dp/0201548569/ref=sr_1_1?s=books&ie=UTF8&qid=1415609172&sr=1-1&keywords=0201548569">http://www.amazon.com/Introduction-Parallel-Algorithms-Joseph-JaJa/dp/0201548569/ref=sr_1_1?s=books&ie=UTF8&qid=1415609172&sr=1-1&keywords=0201548569</a>
906 ## - LOCAL DATA ELEMENT F, LDF (RLIN)
a 7
b cbc
c orignew
d 1
e ocip
f 19
g y-gencatlg
942 ## - ADDED ENTRY ELEMENTS (KOHA)
Source of classification or shelving scheme
Koha item type Book
Holdings
Withdrawn status Lost status Source of classification or shelving scheme Damaged status Not for loan Permanent Location Current Location Shelving location Date acquired Source of acquisition Cost, normal purchase price Total Checkouts Full call number Barcode Date last seen Cost, replacement price Price effective from Koha item type
          Pakistan Navy Engineering College (PNEC) Pakistan Navy Engineering College (PNEC)   02/03/2006 Donated 175.00   004.35 JAJ PNECLIB-027919 11/10/2014 175.00 02/03/2006 Book
© 2023 Central Library, National University of Sciences and Technology. All Rights Reserved.